[Event "Baleares-chT"]
[Site "Palma de Mallorca"]
[Date "2022.03.05"]
[Round "7.1"]
[White "Pons Carreras, David"]
[Black "Ferrando Perello, Martin"]
[Result "1-0"]
[WhiteElo "2312"]
[BlackElo "1944"]
[PlyCount "61"]
[EventDate "2022.01.22"]
[EventType "team-tourn"]
[EventRounds "7"]
[EventCountry "ESP"]
[SourceTitle "EXT 2023"]
[Source "ChessBase"]
[SourceDate "2022.10.05"]
[SourceVersion "1"]
[SourceVersionDate "2022.10.05"]
[SourceQuality "1"]
[WhiteTeam "Cercle Artistic de Ciutadella"]
[BlackTeam "Cercle de Cultura Es Castell"]
[WhiteTeamCountry "ESP"]
[BlackTeamCountry "ESP"]

1. e4 e5 2. Nf3 Nc6 3. Bb5 a6 4. Ba4 Nf6 5. 0-0 Be7 6. Bxc6 dxc6 7. d3 Nd7 8. Nbd2 0-0 9. Nc4 f6 10. Ne3 Nc5 11. b3 Ne6 12. Bb2 Bc5 13. c3 Bxe3 14. fxe3 c5 15. d4 exd4 16. cxd4 cxd4 17. exd4 Re8 18. Qc2 c6 19. Rae1 Nf8 20. e5 fxe5 21. dxe5 Be6 22. Bc1 Ng6 23. Ng5 Qd4+ 24. Kh1 Bd5 25. e6 Qg4 26. h3 Qh5 27. Qc3 Nh4 28. Rf7 Qg6 29. Bb2 Nf5 30. Rxf5 h6 31. Rf7 1-0